[Event "Deutsche Ländermeisterschaft 2015"]
[Site "Hannover GER"]
[Date "2015.10.05"]
[Round "5"]
[White "Ewerhardy, Moritz"]
[Black "Schamber, Dennis"]
[Result "1-0"]
[Termination "normal"]
[Board "8.4"]
[WhiteElo "1366"]
[BlackElo "1657"]
[WhiteTeam "Saarland"]
[BlackTeam "Mecklenburg-Vorpommern"]
[PlyCount "47"]
[WhiteFideId "36052086"]
[BlackFideId "12952176"]
[EventCountry "GER"]
[EventRounds "7"]
[EventType "team-swiss"]
[EventDate "2015.10.02"]

1. e4 c5 2. Nf3 d6 3. d4 cxd4 4. Nxd4 Nf6 5. Nc3 e6 6. Be3 Be7 7. f3 O-O 8. Qd2
a6 9. g4 Qc7 10. h4 b5 11. h5 b4 12. Nce2 Bb7 13. g5 Nfd7 14. g6 Nc6 15. h6
hxg6 16. hxg7 Kxg7 17. Bh6+ Kg8 18. Qf4 Nxd4 19. Nxd4 Ne5 20. Qh2 f5 21. Bxf8
Bxf8 22. Qh8+ Kf7 23. Rh7+ Ke8 24. Rxc7 1-0

[Event "Deutsche Ländermeisterschaft 2015"]
[Site "Hannover GER"]
[Date "2015.10.05"]
[Round "5"]
[White "Wagner, Swenja"]
[Black "Heil, Lisa"]
[Result "1-0"]
[Termination "normal"]
[Board "8.5"]
[WhiteElo "1719"]
[BlackElo "1056"]
[WhiteTeam "Mecklenburg-Vorpommern"]
[BlackTeam "Saarland"]
[PlyCount "97"]
[WhiteFideId "12900494"]
[BlackFideId "16214412"]
[EventCountry "GER"]
[EventRounds "7"]
[EventType "team-swiss"]
[EventDate "2015.10.02"]

1. e4 e5 2. Nc3 Nc6 3. Bc4 Bc5 4. Qh5 Qf6 5. Qf3 Nd4 6. Qxf6 Nxf6 7. Bb3 d6 8.
f3 Be6 9. Kd1 O-O-O 10. Nge2 Nxe2 11. Nxe2 d5 12. exd5 Bxd5 13. Bxd5 Rxd5 14.
Nc3 Rd7 15. d3 Re8 16. Re1 Bb4 17. Bd2 Bxc3 18. Bxc3 Rde7 19. b3 g5 20. Kd2 h5
21. g3 Nd7 22. Re2 Kd8 23. Rae1 f6 24. Bb2 b6 25. Ba3 c5 26. b4 a5 27. bxc5
bxc5 28. Rb1 a4 29. Rb5 h4 30. gxh4 gxh4 31. Re4 Rh7 32. Rxa4 Ke7 33. Bxc5+
Nxc5 34. Rxc5 Kf8 35. Rcc4 Rg7 36. Rg4 Rb7 37. Rxh4 Rg7 38. Rh8+ Rg8 39. Rxg8+
Kxg8 40. c4 Rc8 41. Ra7 Kf8 42. Ke3 Ke8 43. h4 Kf8 44. h5 Kg8 45. h6 Kh8 46. a4
Kg8 47. a5 Kh8 48. a6 Kg8 49. Rb7 1-0

[Event "Deutsche Ländermeisterschaft 2015"]
[Site "Hannover GER"]
[Date "2015.10.05"]
[Round "5"]
[White "Heil, Valerie"]
[Black "Lange, Jannis"]
[Result "0-1"]
[Termination "normal"]
[Board "8.6"]
[WhiteElo "1313"]
[BlackElo "1741"]
[WhiteTeam "Saarland"]
[BlackTeam "Mecklenburg-Vorpommern"]
[PlyCount "68"]
[WhiteFideId "16208790"]
[BlackFideId "12993107"]
[EventCountry "GER"]
[EventRounds "7"]
[EventType "team-swiss"]
[EventDate "2015.10.02"]

1. e4 c5 2. Nf3 Nc6 3. Bc4 d6 4. d3 g6 5. c3 Bg7 6. Be3 Nf6 7. d4 cxd4 8. cxd4
Nxe4 9. Nc3 Nxc3 10. bxc3 O-O 11. Qd2 Bf5 12. Bh6 Qc7 13. h4 Na5 14. Bxg7 Kxg7
15. Bb3 Rac8 16. Rc1 Nc4 17. Bxc4 Qxc4 18. Ng1 Rfe8 19. Ne2 Rc6 20. O-O Ra6 21.
Ra1 Bd3 22. Rfe1 Bxe2 23. Rxe2 e6 24. d5 e5 25. f4 e4 26. Qd4+ Qxd4+ 27. cxd4
Ra4 28. Rb1 b6 29. Rb5 Rxd4 30. Kf2 Re7 31. Ke3 Rd3+ 32. Kf2 e3+ 33. Ke1 Rc7
34. Rb1 Rc5 0-1

[Event "Deutsche Ländermeisterschaft 2015"]
[Site "Hannover GER"]
[Date "2015.10.05"]
[Round "5"]
[White "Troyke, Jannis"]
[Black "Unbehend, Marius"]
[Result "1-0"]
[Termination "normal"]
[Board "8.7"]
[WhiteElo "1877"]
[BlackElo "863"]
[WhiteTeam "Mecklenburg-Vorpommern"]
[BlackTeam "Saarland"]
[PlyCount "85"]
[WhiteFideId "12993115"]
[BlackFideId "16214420"]
[EventCountry "GER"]
[EventRounds "7"]
[EventType "team-swiss"]
[EventDate "2015.10.02"]

1. e4 e6 2. d4 d5 3. Nd2 c5 4. Ngf3 Nc6 5. Bb5 Bd7 6. exd5 exd5 7. O-O Bd6 8.
dxc5 Bxc5 9. Nb3 Bd6 10. Re1+ Nge7 11. Qxd5 O-O 12. Qxd6 Nf5 13. Qd3 Be6 14.
Qxd8 Raxd8 15. Bxc6 bxc6 16. Na5 Bd5 17. Ne5 Rde8 18. Bd2 Nd4 19. Rac1 f6 20.
c3 fxe5 21. cxd4 exd4 22. Rxe8 Rxe8 23. h3 Rc8 24. Kf1 c5 25. f3 c4 26. Ke2 d3+
27. Kd1 Kf7 28. b3 c3 29. Rxc3 Be6 30. Rxc8 Bxc8 31. Nc4 h6 32. Ne5+ Kf6 33.
Nxd3 g5 34. Bc3+ Kg6 35. Bd4 a6 36. Nc5 h5 37. Kd2 Kf5 38. Ke3 g4 39. hxg4+
hxg4 40. Ne4 Be6 41. Ng3+ Kg5 42. Ke4 Kh4 43. Kf4 1-0